ARRUPE JESUIT UNIVERSITY

CORONAVIRUS -STOP THE SPREAD - CLEAN,DISINFECT,COVER

Effects of financial globalization on developing countries : (Record no. 129164)

MARC details
000 -LEADER
fixed length control field 01365cam a2200349 a 4500
001 - CONTROL NUMBER
control field 13430403
003 - CONTROL NUMBER IDENTIFIER
control field ARRUPE
005 - DATE AND TIME OF LATEST TRANSACTION
control field 20190307114420.0
008 - FIXED-LENGTH DATA ELEMENTS--GENERAL INFORMATION
fixed length control field 031119s2003 dcua rb 000 0 eng d
010 ## - LIBRARY OF CONGRESS CONTROL NUMBER
LC control number 2003384037
020 ## - INTERNATIONAL STANDARD BOOK NUMBER
International Standard Book Number 1589062213
035 ## - SYSTEM CONTROL NUMBER
System control number (OCoLC)ocm53462872
040 ## - CATALOGING SOURCE
Original cataloging agency UIA
Language of cataloging eng
Transcribing agency UIA
Modifying agency DLC
042 ## - AUTHENTICATION CODE
Authentication code lccopycat
043 ## - GEOGRAPHIC AREA CODE
Geographic area code d------
050 00 - LIBRARY OF CONGRESS CALL NUMBER
Classification number HC59.7
Item number .E43 2003
082 00 - DEWEY DECIMAL CLASSIFICATION NUMBER
Classification number 332/.042/091724
Edition number 22
300 ## - PHYSICAL DESCRIPTION
Other physical details col. ill. ;
Dimensions 28 cm.
245 00 - TITLE STATEMENT
Title Effects of financial globalization on developing countries :
Remainder of title some empirical evidence /
Statement of responsibility, etc Eswar Prasad ... [et al.].
260 ## - PUBLICATION, DISTRIBUTION, ETC. (IMPRINT)
Place of publication, distribution, etc Washington, D.C. :
Name of publisher, distributor, etc Internationl Monetary Fund,
Date of publication, distribution, etc 2003.
300 ## - PHYSICAL DESCRIPTION
Extent ix, 54 p. :
490 1# - SERIES STATEMENT
Series statement Occasional paper ;
Volume number/sequential designation 220
504 ## - BIBLIOGRAPHY, ETC. NOTE
Bibliography, etc Incluye referencias bibliográficas (p. 46-52).
650 #4 - SUBJECT ADDED ENTRY--TOPICAL TERM
Topical term or geographic name as entry element Globalización.
9 (RLIN) 45104
650 #0 - SUBJECT ADDED ENTRY--TOPICAL TERM
Topical term or geographic name as entry element Finance
Geographic subdivision Developing countries.
9 (RLIN) 24825
650 #0 - SUBJECT ADDED ENTRY--TOPICAL TERM
Topical term or geographic name as entry element Globalization
Geographic subdivision Developing countries.
9 (RLIN) 45105
651 #4 - SUBJECT ADDED ENTRY--GEOGRAPHIC NAME
Geographic name Países en desarrollo.
9 (RLIN) 45106
700 1# - ADDED ENTRY--PERSONAL NAME
Personal name Prasad, Eswar.
9 (RLIN) 45107
710 2# - ADDED ENTRY--CORPORATE NAME
Corporate name or jurisdiction name as entry element International Monetary Fund.
9 (RLIN) 26656
830 #0 - SERIES ADDED ENTRY--UNIFORM TITLE
Uniform title Occasional paper (International Monetary Fund) ;
Volume number/sequential designation no. 220.
9 (RLIN) 45108
856 41 - ELECTRONIC LOCATION AND ACCESS
Materials specified Table of contents
Uniform Resource Identifier <a href="http://www.loc.gov/catdir/toc/fy043/2003384037.html">http://www.loc.gov/catdir/toc/fy043/2003384037.html</a>
906 ## - LOCAL DATA ELEMENT F, LDF (RLIN)
a 7
b cbc
c copycat
d 2
e ncip
f 20
g y-gencatlg
942 ## - ADDED ENTRY ELEMENTS (KOHA)
Source of classification or shelving scheme Library of Congress Classification
Koha item type Monograph ( Printed materials)
Holdings
Withdrawn status Lost status Source of classification or shelving scheme Damaged status Not for loan Collection code Home library Current library Shelving location Date acquired Total Checkouts Full call number Barcode Date last seen Price effective from Koha item type
    Library of Congress Classification     Main Collection ARRUPE LIBRARY ARRUPE LIBRARY Main Collection 07/03/2019   HC59.7 .E43 2003 46600004131 07/03/2019 07/03/2019 Monograph ( Printed materials)

 

Arrupe Library. PO Box MP320 Mt Pleasant, Harare, Zimbabwe
263 242 745411|librarian@aju.ac.zw